00965 2200313 4500001002100000005001500021035002000036007000300056008004100059020002200100040002200122082001700144084001700161090002100178090002200199245010900221250003500330300002500365650004000390700003100430850001200461710002600473264003400499336002100533337003000554338002300584999002200607990002200629INLIS00000000085886820210419112702 a0010-0421000773ta210419s2021 yoi grl 0 ind d a978-623-244-514-7 aYOPDYOGbinderda04223a346.0135 a346.0135 UND aDEP 346.0135 UND aCB-D.11 2021-000900aUndang-undang perlindungan anak berdasar UU no.23 tahun 2002 /cTim Legality; penyunting, Herman Adamson aCetakan pertama: Januari, 2021 a186 halaman ;c20 cm 4aAnak--xUndang-undang dan peraturan0 aHerman Adamsonepenyunting aYOPDYOG2 aTim Legalityepenulis31aYogyakarta :bLegality,c2021 2rdacontentateks 2rdamediaatanpa perantara 2rdacarrieravolume aCB-D.11/2021-0009 aCB-D.11/2021-0009